Statistics for Turkish Words

Click here to take the quiz!

General Stats

  • This quiz has been taken 1,852 times
  • The average score is 13 of 15

Answer Stats

HintAnswer% Correct
TürkçeTurkish
97%
ÇayTea
95%
İyiGood
93%
Güle güleGoodbye
91%
KahveCoffee
90%
KüçükSmall
89%
BizWe
87%
AmaBut
86%
KadınWoman
86%
SoğukCold
84%
SıcakHot
84%
DeğilNot
81%
KahverengiBrown
78%
KarSnow
70%
MesleğiProfession
65%

Score Distribution

Percentile by Number Answered

Percent of People with Each Score

Your Score History

You have not taken this quiz